• 首页
  • 本馆介绍
  • 公告通知
  • 最新文献
  • 馆藏检索
  • 电子资源
  • 读者导购
  • 参考咨询
  • 我的图书馆
  • 登录
  • 详细信息显示
  • 放入我的书架
  • 预约/预借图书
  • 作者相关作品
  • 分类相关作品
  • 丛书相关作品
  • 出版社相关作品

书目信息

  • 表格格式
  • 工作单格式
  • 卡片格式
题名:
《耶路撒冷的艾希曼》
    
 
作者: 阿伦特 著 ;孙传钊 译
分册:  
出版信息: 长春   吉林人民出版社  2003
页数: 320页
开本: 20cm
丛书名: 人文译丛
单 册:
中图分类: B82-53
科图分类:
主题词: 伦理学 , 伦理学--文集
电子资源:
ISBN: 7-206-04148-5
000 01141oam2 2200301 450
001 0953751660
005 20090929160010.00
010    @a7-206-04148-5@dCNY17.40
100    @a20030515d2003----em-y0chiy0110----ea
101 1  @achi@ceng
102    @aCN@b220000
105    @ay---z---000yy
106    @ar
200 1  @a《耶路撒冷的艾希曼》@e伦理的现代困境@f(美)汉娜·阿伦特(Hannah Arendt)等著@g孙传钊编@A《 ye lu sa leng de ai xi man 》
210    @a长春@c吉林人民出版社@d2003
215    @a320页@d20cm
225 2  @a人文译丛@i西方政治理论与实践
330    @a本书所收文章或是与阿伦特的论述内容直接相关的文献,或是反映耶路撒冷审判、阿伦特的伦理思想产生影响的资料。如《不服从的赞歌》等。
462  0 @1001002367313
510 1  @aEichmann in Jerusalem@eDilemma of Modern Ethics@zeng
517 1  @a伦理的现代困境@Alun li de xian dai kun jing
606 0  @a伦理学
606 0  @a伦理学@j文集
690    @aB82-53@v4
701  0 @c(美)@a阿伦特@c(Arendt, Hannah@f1906~1975)@4著@Aa lun te
702  0 @a孙传钊@c(翻译)@4译@Asun chuan zhao
801  0 @aCN@b大连网信软件有限公司图书馆·11@c20090929
905    @a10447@dB82-53@eJY108
    
    《耶路撒冷的艾希曼》:伦理的现代困境/(美)汉娜·阿伦特(Hannah Arendt)等著/孙传钊编.-长春:吉林人民出版社,2003
    320页;20cm .-(人文译丛.西方政治理论与实践 )
    
    
    ISBN 7-206-04148-5:CNY17.40
    本书所收文章或是与阿伦特的论述内容直接相关的文献,或是反映耶路撒冷审判、阿伦特的伦理思想产生影响的资料。如《不服从的赞歌》等。
●
相关链接 在E读中查询图书 在五车中查询图书 在当当中查询图书 在豆瓣中查询图书


正题名:《耶路撒冷的艾希曼》     索取号:B82-53/JY108         预约/预借

序号 登录号 条形码 馆藏地/架位号 状态 备注
1 7820071   278200714   学院路分馆/ [索取号:B82-53/JY108] 在馆    
2 7820072   278200723   学院路分馆/ [索取号:B82-53/JY108] 在馆    
3 7820073   278200732   学院路分馆/ [索取号:B82-53/JY108] 在馆    
4 7820074   278200741   学院路分馆/ [索取号:B82-53/JY108] 在馆    
唐山师范学院图书馆 欢迎您!
大连网信软件有限公司© 版权所有